00393nam a2200157Ia 4500008004100000020002200041041000800063082001500071100001600086245003300102260003900135300001400174365000800188650002300196700001600219260330s2016 xx 000 0 und d a978-0-3494-2021-9 aeng a158.1bNEC aNEWPORT CAL aSO GOOD THEY CANT IGNORE YOU aLondonbPIATKUS GREAT BRITANc2016 a273pgbPB cRs. aGENERAL COLLECTION aNEWPORT CAL